Statistics for Toronto Blue Jays Nicknames

Click here to take the quiz!

General Stats

  • This quiz has been taken 645 times
    (132 since last reset)
  • The average score is 5 of 9

Answer Stats

NicknameTenurePlayer% Correct
Joey Bats2008–2017José Bautista
93%
Bringer of Rain2015–2018Josh Donaldson
83%
Doc1998–2009Roy Halladay
70%
Crime Dog1986–1990Fred McGriff
58%
Devo1991–1995Devon White
42%
Boomer1987–1992, 1999–2000David Wells
40%
The Terminator1985–1992Tom Henke
36%
Shaker1980–1989Lloyd Moseby
24%
Liberty1981–1990George Bell
20%

Score Distribution

Percentile by Number Answered

Percent of People with Each Score

Your Score History

You have not taken this quiz since the last reset